000 00860nam a22002057a 4500
999 _c14324
_d14324
003 AR-CdUCM
008 190422b ||||| |||| 00| 0 spa d
040 _aMUNICIPALIDAD PROVINCIAL DEL CUSCO
_cBIBLIOTECA MUNICIPAL DEL CUSCO
082 _a376.541 /
_bA58
100 _aAngeles Caballero, César A.
_96978
245 _aLa tesis universitaria :
_binvestigación y elementos /
260 _aLima :
_bTalleres graficos P.L. Villanueva,
_c1964.
300 _a192 paginas ;
_c20 cm.
505 _aContenido : Los métodos de investigación -- Proceso de investigación -- Quia para la lectura en las bibliotecas -- La investigación documental -- Generalidades...
650 _aProceso para la investigación
_933060
650 _aGuía de tesis
_933061
650 _aPasos para la investigación
_933062
942 _2ddc
_cLIBROS
945 _awnts
_d2019-04-22